<?xml version="1.0" encoding="UTF-8"?>
<record
    xmlns:xsi="http://www.w3.org/2001/XMLSchema-instance"
    xsi:schemaLocation="http://www.loc.gov/MARC21/slim http://www.loc.gov/standards/marcxml/schema/MARC21slim.xsd"
    xmlns="http://www.loc.gov/MARC21/slim">

  <leader>00415nam a22001697a 4500</leader>
  <controlfield tag="003">OSt</controlfield>
  <controlfield tag="008">250403b        |||||||| |||| 00| 0 eng d</controlfield>
  <datafield tag="020" ind1=" " ind2=" ">
    <subfield code="a">9788131526354</subfield>
  </datafield>
  <datafield tag="082" ind1=" " ind2=" ">
    <subfield code="a">803 ABG</subfield>
  </datafield>
  <datafield tag="100" ind1=" " ind2=" ">
    <subfield code="a">ABRAMS, M.H. and HARPHAM, Geoffrey Galt</subfield>
  </datafield>
  <datafield tag="245" ind1=" " ind2=" ">
    <subfield code="a">Glossary of Literary Terms</subfield>
  </datafield>
  <datafield tag="250" ind1=" " ind2=" ">
    <subfield code="a">11th. ed.,</subfield>
  </datafield>
  <datafield tag="260" ind1=" " ind2=" ">
    <subfield code="a">India,</subfield>
    <subfield code="b">Cengage,</subfield>
    <subfield code="c">2015,</subfield>
  </datafield>
  <datafield tag="300" ind1=" " ind2=" ">
    <subfield code="a">430 p.</subfield>
  </datafield>
  <datafield tag="650" ind1=" " ind2=" ">
    <subfield code="a">English</subfield>
  </datafield>
  <datafield tag="942" ind1=" " ind2=" ">
    <subfield code="2">ddc</subfield>
    <subfield code="c">BK</subfield>
  </datafield>
  <datafield tag="999" ind1=" " ind2=" ">
    <subfield code="c">13228</subfield>
    <subfield code="d">13228</subfield>
  </datafield>
  <datafield tag="952" ind1=" " ind2=" ">
    <subfield code="0">0</subfield>
    <subfield code="1">0</subfield>
    <subfield code="2">ddc</subfield>
    <subfield code="4">0</subfield>
    <subfield code="7">0</subfield>
    <subfield code="8">BAHONSENG</subfield>
    <subfield code="a">PIETNCR</subfield>
    <subfield code="b">PIETNCR</subfield>
    <subfield code="d">2025-03-28</subfield>
    <subfield code="e">Zafaa Books &amp; Distributers</subfield>
    <subfield code="f">In Rupees</subfield>
    <subfield code="g">415.00</subfield>
    <subfield code="k">ZBD0583</subfield>
    <subfield code="l">0</subfield>
    <subfield code="o">803 ABG</subfield>
    <subfield code="p">N3819</subfield>
    <subfield code="r">2025-04-03 00:00:00</subfield>
    <subfield code="v">298.80</subfield>
    <subfield code="w">2025-03-28</subfield>
    <subfield code="y">REF</subfield>
  </datafield>
  <datafield tag="952" ind1=" " ind2=" ">
    <subfield code="0">0</subfield>
    <subfield code="1">0</subfield>
    <subfield code="2">ddc</subfield>
    <subfield code="4">0</subfield>
    <subfield code="7">0</subfield>
    <subfield code="8">BAHONSENG</subfield>
    <subfield code="a">PIETNCR</subfield>
    <subfield code="b">PIETNCR</subfield>
    <subfield code="d">2025-03-28</subfield>
    <subfield code="e">Zafaa Books &amp; Distributers</subfield>
    <subfield code="f">In Rupees</subfield>
    <subfield code="g">415.00</subfield>
    <subfield code="k">ZBD0583</subfield>
    <subfield code="l">0</subfield>
    <subfield code="o">803 ABG</subfield>
    <subfield code="p">N3820</subfield>
    <subfield code="r">2025-04-03 00:00:00</subfield>
    <subfield code="v">298.80</subfield>
    <subfield code="w">2025-03-28</subfield>
    <subfield code="y">BK</subfield>
  </datafield>
  <datafield tag="952" ind1=" " ind2=" ">
    <subfield code="0">0</subfield>
    <subfield code="1">0</subfield>
    <subfield code="2">ddc</subfield>
    <subfield code="4">0</subfield>
    <subfield code="7">0</subfield>
    <subfield code="8">BAHONSENG</subfield>
    <subfield code="a">PIETNCR</subfield>
    <subfield code="b">PIETNCR</subfield>
    <subfield code="d">2025-03-28</subfield>
    <subfield code="e">Zafaa Books &amp; Distributers</subfield>
    <subfield code="f">In Rupees</subfield>
    <subfield code="g">415.00</subfield>
    <subfield code="k">ZBD0583</subfield>
    <subfield code="l">0</subfield>
    <subfield code="o">803 ABG</subfield>
    <subfield code="p">N3821</subfield>
    <subfield code="r">2025-04-03 00:00:00</subfield>
    <subfield code="v">298.80</subfield>
    <subfield code="w">2025-03-28</subfield>
    <subfield code="y">BK</subfield>
  </datafield>
  <datafield tag="952" ind1=" " ind2=" ">
    <subfield code="0">0</subfield>
    <subfield code="1">0</subfield>
    <subfield code="2">ddc</subfield>
    <subfield code="4">0</subfield>
    <subfield code="7">0</subfield>
    <subfield code="8">BAHONSENG</subfield>
    <subfield code="a">PIETNCR</subfield>
    <subfield code="b">PIETNCR</subfield>
    <subfield code="d">2025-03-28</subfield>
    <subfield code="e">Zafaa Books &amp; Distributers</subfield>
    <subfield code="f">In Rupees</subfield>
    <subfield code="g">415.00</subfield>
    <subfield code="k">ZBD0583</subfield>
    <subfield code="l">0</subfield>
    <subfield code="o">803 ABG</subfield>
    <subfield code="p">N3822</subfield>
    <subfield code="r">2025-04-03 00:00:00</subfield>
    <subfield code="v">298.80</subfield>
    <subfield code="w">2025-03-28</subfield>
    <subfield code="y">BK</subfield>
  </datafield>
  <datafield tag="952" ind1=" " ind2=" ">
    <subfield code="0">0</subfield>
    <subfield code="1">0</subfield>
    <subfield code="2">ddc</subfield>
    <subfield code="4">0</subfield>
    <subfield code="7">0</subfield>
    <subfield code="8">BAHONSENG</subfield>
    <subfield code="a">PIETNCR</subfield>
    <subfield code="b">PIETNCR</subfield>
    <subfield code="d">2025-03-28</subfield>
    <subfield code="e">Zafaa Books &amp; Distributers</subfield>
    <subfield code="f">In Rupees</subfield>
    <subfield code="g">415.00</subfield>
    <subfield code="k">ZBD0583</subfield>
    <subfield code="l">1</subfield>
    <subfield code="o">803 ABG</subfield>
    <subfield code="p">N3823</subfield>
    <subfield code="r">2025-05-01 00:00:00</subfield>
    <subfield code="s">2025-04-22</subfield>
    <subfield code="v">298.80</subfield>
    <subfield code="w">2025-03-28</subfield>
    <subfield code="y">BK</subfield>
  </datafield>
</record>
